Central Library OPAC University of Rajshahi

Incomplete data in sample surveys / (Record no. 6373)

MARC details
000 -LEADER
fixed length control field 01242cam a2200325 a 4500
001 - CONTROL NUMBER
control field 6373
003 - CONTROL NUMBER IDENTIFIER
rucl marc code BD-RjUL
005 - DATE AND TIME OF LATEST TRANSACTION
control field 20211208234231.0
008 - FIXED-LENGTH DATA ELEMENTS--GENERAL INFORMATION
fixed length control field 110114s1983 nyua b 000 0 eng d
020 ## - INTERNATIONAL STANDARD BOOK NUMBER
International Standard Book Number 0123639018 (v. 1)
International Standard Book Number 0123639026 (v. 2)
035 ## - SYSTEM CONTROL NUMBER
System control number (BD-RjUL)6413
040 ## - CATALOGING SOURCE
Original cataloging agency DLC
Transcribing agency DLC
Modifying agency DLC
-- OCoLC
-- BD-RjUL
Language of cataloging eng
041 ## - LANGUAGE CODE
Language code of text/sound track or separate title eng
082 00 - DEWEY DECIMAL CLASSIFICATION NUMBER
Classification number 519.52
Edition number 19
Author mark and year INC 1983
245 00 - TITLE STATEMENT
Title Incomplete data in sample surveys /
Statement of responsibility, etc. Panel on Incomplete Data ... [et al.] ; edited by William G. Madow, Harold Nisselson, Ingram Olkin.
Number of part/section of a work volume 3
260 ## - PUBLICATION, DISTRIBUTION, ETC. (IMPRINT)
Place of publication, distribution, etc. New York :
Name of publisher, distributor, etc. Academic Press,
Date of publication, distribution, etc. c1983
300 ## - PHYSICAL DESCRIPTION
Pagination V-3 (xxvi, 413 p.) :
Illustrations ill. ;
Size 23 cm.
504 ## - BIBLIOGRAPHY, ETC. NOTE
Bibliography, etc Includes indexes.
505 1# - FORMATTED CONTENTS NOTE
Formatted contents note v. 1. Report and case studies -- v. 2. Theory and bibliographies.---v. 3 Proceeding of the symposium
650 #0 - SUBJECT ADDED ENTRY--TOPICAL TERM
Topical term or geographic name as entry element Sampling (Statistics)
9 (RLIN) 967
Topical term or geographic name as entry element Social surveys
General subdivision Response rate.
9 (RLIN) 20077
700 1# - ADDED ENTRY--PERSONAL NAME
Personal name Madow, William G.
Fuller form of name (William Gregory),
Dates associated with a name 1911-
Personal name Nisselson, Harold.
Personal name Olkin, Ingram.
Personal name Rubin, Donald B.
710 2# - ADDED ENTRY--CORPORATE NAME
Corporate name or jurisdiction name as entry element Assembly of Behavioral and Social Sciences (U.S.).
Subordinate unit Panel on Incomplete Data.
9 (RLIN) 20082
942 ## - ADDED ENTRY ELEMENTS (KOHA)
Source of classification or shelving scheme Dewey Decimal Classification
Koha item type Books
Holdings
Lost status Source of classification or shelving scheme Damaged status Not for loan Collection code Permanent Location Current Location Date acquired Source of acquisition Cost, normal purchase price Total Checkouts Full call number Date last seen Copy number Koha item type Shelving location
  Dewey Decimal Classification   Not For Loan Non-fiction Central Library, University of Rajshahi Central Library, University of Rajshahi 01/04/1986 Karim International 48.00   519.52 INC V- 3 1983 11/01/2014 C-1 Books  
  Dewey Decimal Classification     Non-fiction Central Library, University of Rajshahi Central Library, University of Rajshahi 01/04/1986 Karim International 48.00   519.52 INC V-2 1983 27/08/2016 C-2 Books  
  Dewey Decimal Classification     Non-fiction Central Library, University of Rajshahi Central Library, University of Rajshahi 01/04/1986 Karim International 48.00   519.52 INC V-1 1983 27/08/2016 C-2 Books